00261nam a2200121Ia 45000030006000000080041000060400015000471000015000622450024000772600009001015460012001100050017001220STCL150530s9999 xx 000 0 und d aSTCLcSTCL aFerroli, D aUnity of the church c1920 aEnglish20220125165410.0